| 000 -LEADER |
| fixed length control field |
01288nam a22003137a 4500 |
| 008 - FIXED-LENGTH DATA ELEMENTS--GENERAL INFORMATION |
| fixed length control field |
131113b xxu||||| |||| 00| 0 ger d |
| 020 ## - INTERNATIONAL STANDARD BOOK NUMBER |
| International Standard Book Number |
3854282923 |
| 041 1# - LANGUAGE CODE |
| Language code of text/sound track or separate title |
ger |
| -- |
eng |
| 080 ## - UNIVERSAL DECIMAL CLASSIFICATION NUMBER |
| Universal Decimal Classification number |
339.5 |
| Common auxiliary subdivision |
(47+57) |
| 100 1# - Rafti |
| Rafti |
Puseizer, Eugen |
| 245 10 - TITLE STATEMENT |
| Title |
Außenhandel mit Rußland = Foreign trade with Russia : |
| Statement of responsibility, etc |
Eugen Puseizer |
| 260 ## - |
| -- |
Wien : |
| -- |
Service Fachverlag ; |
| -- |
1994. |
| 300 ## - |
| -- |
156 f. : |
| -- |
21 cm. |
| 490 ## - |
| -- |
Schriftenreihe des FOWI |
| -- |
Forschungsinstitut für mittel-und Osteuropäisches wirtschaftsrecht |
| -- |
Institute for Central- and Eastern European Business Law |
| -- |
Band 6 |
| 500 ## - |
| -- |
[Titulli dhe teksti në gjuhën gjermane dhe angleze] |
| 500 ## - |
| -- |
Vorwort des Herausgebers : f. 9 |
| 500 ## - |
| -- |
Vorwort des verfassers : f. 11 |
| 500 ## - |
| -- |
Preface to the editor : f. 87 |
| 500 ## - |
| -- |
Preface to the authors : f. 89 |
| 505 ## - |
| -- |
Bibliography : f. 144-145 |
| -- |
Literaturverzeichnis : f. 68-69 |
| 650 ## - |
| -- |
Marrëdhëniet ekonomike ndërkombëtare |
| -- |
Rusia |
| 650 ## - |
| -- |
Tregëtia |
| -- |
Rusia |
| 700 1# - |
| -- |
Doralt, Peter |
| 700 1# - |
| -- |
Haschek, Helmut H. |
| 700 1# - |
| -- |
Schauer, Martin |
| 700 1# - |
| -- |
Kozak, Veronika (përkthyes) |
| 700 1# - |
| -- |
Key, Carl Alan (përkthyes) |
| 942 ## - ADDED ENTRY ELEMENTS (KOHA) |
| Source of classification or shelving scheme |
|
| Item type |
Books |